000 00659nam a2200181 i 4500
001 76650
003 ES-MaACL
005 20230906172918.0
007 t|
008 041004q1949 sp ||||1| spa d
245 0 0 _aGuía turística ilustrada
_b: Madrid, Avila, Toledo, Segovia, Guadalajara /
_c[texto, dibujos y planos originales de Enrique Palasí y Alfonso Salaya].
260 _a[S.l. :
_bs.n.,
_c1949?] (
_eMadrid :
_fGráfs. Sebastián)
300 _a397 p., 31 lám. ;
_c16 cm.
500 _aPortada y textos también en francés.
700 1 _aSalaya, Alfonso.
_9101795
700 1 _aPalasí, Enrique.
_988479
852 _aES-MaACL
_jD-7500
_bR.29707
999 _c76650
_d76650